| 000 | 00356nam a22001337a 4500 | ||
|---|---|---|---|
| 082 | _aP-449 A | ||
| 100 |
_aSGt M Zeeshan _948253 |
||
| 245 |
_aLife Salb and tilt up wall panel for medum height _cSGt M Zeeshan, Shahmir Janjua |
||
| 260 |
_aRisalpur _bMCE _c2010 |
||
| 300 | _a113 P.: | ||
| 526 |
_a0 _b0 _c0 _dP_449_A |
||
| 650 | _aProject | ||
| 942 |
_2ddc _cBK |
||
| 999 |
_c551281 _d551281 |
||